| 000 | 00340nam a22001457a 4500 | ||
|---|---|---|---|
| 003 | SGT | ||
| 020 | _a0892131276 | ||
| 082 |
_a920 _bP83G |
||
| 100 | _aGOSWAMI, SATSVARUPA DASA | ||
| 245 | _aPRABHUPADA, HE BUILT A HOUSE IN WHICH | ||
| 260 |
_bTHE BHAKTIVEDANTA BOOK TRUST _c1983 |
||
| 300 | _a405 | ||
| 650 | _aBIOGRAPHY | ||
| 942 |
_2ddc _cBK |
||
| 999 |
_c28171 _d28171 |
||